| 000 | 00631nam a22002057a 4500 | ||
|---|---|---|---|
| 999 |
_c10038 _d10038 |
||
| 003 | AR-CdUCM | ||
| 008 | 190329b ||||| |||| 00| 0 spa d | ||
| 040 |
_aMUNICIPALIDAD PROVINCIAL DEL CUSCO _cBIBLIOTECA MUNICIPAL DEL CUSCO |
||
| 082 |
_a868.5 / _bAL35S |
||
| 100 |
_aAlas, Leopoldo (Clarin) _926652 |
||
| 245 |
_aEl Señor : _by lo demás, son cuentos / |
||
| 260 |
_aMadrid : _bManuel Fernadez y Lasanta editores. |
||
| 300 |
_a339 páginas ; _c17 cm. |
||
| 505 | _aContenido: Cuentos. | ||
| 650 |
_aCuentos españoles _9762 |
||
| 650 |
_aSiglo XX _98 |
||
| 650 |
_aLiteratura _983 |
||
| 942 |
_2ddc _cLIBROS |
||
| 945 | _aachl | ||